[Event "Barcelona La Lira op 12th"]
[Site "Barcelona"]
[Date "2019.04.25"]
[Round "3"]
[White "Febrero Perez, Lluis"]
[Black "Aubeso Duch, Miquel"]
[Result "1-0"]
[WhiteElo "1507"]
[BlackElo "1284"]
[PlyCount "55"]
[EventDate "2019.04.04"]
[EventType "swiss"]
[EventRounds "9"]
[EventCountry "ESP"]
[SourceTitle "CBM 190 Extra"]
[Source "ChessBase"]
[SourceDate "2019.07.15"]
[SourceVersion "1"]
[SourceVersionDate "2019.07.15"]
[SourceQuality "1"]

1. e4 e5 2. Nf3 Nc6 3. d4 Bd6 4. d5 Nce7 5. c4 b6 6. Nc3 a6 7. Bg5 f6 8. Bh4 Nh6 9. g4 g5 10. Nxg5 fxg5 11. Bxg5 Nf7 12. Bf6 Rg8 13. h4 h6 14. g5 Bb4 15. Qh5 Bxc3+ 16. bxc3 hxg5 17. hxg5 d6 18. g6 Rf8 19. gxf7+ Rxf7 20. Qg5 Bg4 21. Rh8+ Rf8 22. Rxf8+ Kxf8 23. Qg7+ Ke8 24. Qxg4 Qb8 25. Qh5+ Kf8 26. Qh8+ Ng8 27. Qg7+ Ke8 28. Qxg8+ 1-0

[Event "Barcelona La Lira op 37th"]
[Site "Barcelona"]
[Date "2019.01.25"]
[Round "2"]
[White "Romero Perera, Eugeni"]
[Black "Aubeso Duch, Miquel"]
[Result "1-0"]
[WhiteElo "1961"]
[BlackElo "1292"]
[PlyCount "53"]
[EventDate "2019.01.18"]
[EventType "swiss"]
[EventRounds "8"]
[EventCountry "ESP"]
[SourceTitle "CBM 189 Extra"]
[Source "ChessBase"]
[SourceDate "2019.06.03"]
[SourceVersion "1"]
[SourceVersionDate "2019.06.03"]
[SourceQuality "1"]

1. d4 d5 2. c4 Nf6 3. Nc3 e6 4. Nf3 Bb4 5. Bg5 0-0 6. e3 Bxc3+ 7. bxc3 Nbd7 8. Bd3 Re8 9. Ne5 h6 10. Bh4 dxc4 11. Nxc4 e5 12. dxe5 Nxe5 13. Nxe5 Rxe5 14. Bh7+ Kxh7 15. Qxd8 Nd5 16. 0-0 b5 17. Bg3 Bb7 18. Qd7 Re7 19. Qxb5 c6 20. Qc5 Re6 21. c4 Nf6 22. Rfd1 Ne4 23. Qf5+ Kg8 24. Rd7 Ng5 25. Rxb7 g6 26. Qf4 Nh7 27. Qxf7+ 1-0

[Event "Barcelona La Lira op 36th"]
[Site "Barcelona"]
[Date "2018.02.23"]
[Round "6.20"]
[White "Aubeso Duch, Miquel"]
[Black "Orts Gonzalez, Rafael"]
[Result "0-1"]
[WhiteElo "1331"]
[BlackElo "1090"]
[PlyCount "66"]
[EventDate "2018.01.19"]
[EventType "swiss"]
[EventRounds "8"]
[EventCountry "ESP"]
[SourceTitle "EXT 2024"]
[Source "ChessBase"]
[SourceDate "2023.10.10"]
[SourceVersion "1"]
[SourceVersionDate "2023.10.10"]
[SourceQuality "1"]

1. c4 e5 2. Nc3 Bc5 3. Nf3 Nc6 4. g3 a6 5. Bg2 Rb8 6. 0-0 b5 7. d3 b4 8. Nd5 Na5 9. Nxe5 c6 10. Nf4 b3 11. Qe1 Bd4 12. Nf3 c5 13. a3 Nc6 14. Nd5 Nge7 15. Rb1 0-0 16. Bg5 f6 17. Bf4 d6 18. Qd2 Be6 19. Nxe7+ Nxe7 20. e3 Be5 21. Rfe1 Bg4 22. Nh4 g5 23. Bxe5 dxe5 24. Nf3 e4 25. Nxg5 fxg5 26. Bxe4 Bf5 27. Bd5+ Nxd5 28. cxd5 Bh3 29. e4 g4 30. Rbc1 Rc8 31. Rc4 h5 32. Qh6 Qf6 33. Qxh5 Qxf2+ 0-1

[Event "Barcelona La Lira op 35th"]
[Site "Barcelona"]
[Date "2017.03.10"]
[Round "8"]
[White "Aubeso Duch, Miquel"]
[Black "Ortiz Padro, Pol"]
[Result "0-1"]
[WhiteElo "1357"]
[BlackElo "1292"]
[PlyCount "90"]
[EventDate "2017.01.20"]
[EventType "swiss"]
[EventRounds "8"]
[EventCountry "ESP"]
[SourceTitle "EXT 2018"]
[Source "ChessBase"]
[SourceDate "2017.10.13"]
[SourceVersion "1"]
[SourceVersionDate "2017.10.13"]
[SourceQuality "1"]

1. c4 c5 2. Nc3 Nc6 3. g3 g6 4. Bg2 Bg7 5. Nf3 Nf6 6. 0-0 0-0 7. e3 e6 8. a3 d5 9. b4 cxb4 10. axb4 Ne4 11. Qb3 Nxc3 12. dxc3 dxc4 13. Qxc4 Bd7 14. e4 Rc8 15. Qe2 Bxc3 16. Rb1 Bg7 17. Rd1 Qe7 18. b5 Ne5 19. Be3 Nxf3+ 20. Bxf3 b6 21. Qd2 Rfd8 22. Qe2 Rc7 23. h4 h5 24. Bg5 f6 25. Bf4 Rc5 26. Bd6 Qf7 27. Bxc5 bxc5 28. Rd2 Rb8 29. Qe3 Qe7 30. Rbd1 Bxb5 31. Rc1 c4 32. Be2 f5 33. Bxc4 Bxc4 34. Rxc4 Rb1+ 35. Kg2 Qb7 36. f3 fxe4 37. Rxe4 Qa6 38. Re2 Qd6 39. Rxe6 Qd1 40. Re1 Rb2+ 41. Re2 Bd4 42. Re8+ Kh7 43. Qe7+ Kh6 44. Qg5+ Kh7 45. Rf2 Rxf2+ 0-1

[Event "Barcelona La Lira op 32nd"]
[Site "Barcelona"]
[Date "2014.01.30"]
[Round "3"]
[White "Alvarez Garmendia, Jose Maria"]
[Black "Aubeso Duch, Miquel"]
[Result "1/2-1/2"]
[WhiteElo "1599"]
[BlackElo "1352"]
[PlyCount "125"]
[EventDate "2014.01.16"]
[EventType "swiss"]
[EventRounds "9"]
[EventCountry "ESP"]
[SourceTitle "EXT 2015"]
[Source "ChessBase"]
[SourceDate "2014.11.20"]
[SourceVersion "1"]
[SourceVersionDate "2014.11.20"]
[SourceQuality "1"]

1. d4 d5 2. Nf3 Nf6 3. Bf4 Nc6 4. e3 Bd7 5. h3 Nb4 6. c3 Nc6 7. Bd3 e6 8. Nbd2 g6 9. 0-0 Bg7 10. Qb3 b6 11. c4 Na5 12. Qc2 0-0 13. Rac1 Rc8 14. b4 Nb7 15. Ne5 c5 16. b5 cxd4 17. exd4 Rc7 18. Nc6 Bxc6 19. Bxc7 Qxc7 20. bxc6 Qxc6 21. cxd5 Qxd5 22. Nf3 Bh6 23. Rcd1 Nd6 24. Qc7 Nc8 25. Bc4 Qd6 26. Qxd6 Nxd6 27. Bb3 Rc8 28. Ne5 Nde4 29. Rd3 Kg7 30. Rfd1 Bg5 31. g3 h5 32. Kg2 h4 33. Nf3 hxg3 34. fxg3 Nh5 35. Nxg5 Nxg5 36. d5 Ne4 37. dxe6 f5 38. e7 Re8 39. Rd7 Nhf6 40. Rxa7 Ng8 41. Bxg8 Kxg8 42. Ra8 Kf7 43. Rdd8 Rxe7 44. Rab8 Nc3 45. a3 b5 46. Kf3 Re5 47. Rb7+ Kf6 48. Rc8 Nb1 49. Rc6+ Kg5 50. h4+ Kh6 51. Rd6 Re8 52. Rxb5 Nxa3 53. Rc5 Nb1 54. Rcc6 Rg8 55. Kf4 Kh5 56. Rd7 Kh6 57. h5 Na3 58. Rxg6+ Rxg6 59. hxg6 Kxg6 60. Rd6+ Kg7 61. Kxf5 Nc4 62. Rd7+ Kh6 63. Kf6 1/2-1/2

[Event "Barcelona La Lira op 31st"]
[Site "Barcelona"]
[Date "2013.02.01"]
[Round "3"]
[White "Aubeso Duch, Miquel"]
[Black "Febrero Perez, Lluis"]
[Result "0-1"]
[WhiteElo "1399"]
[BlackElo "1618"]
[PlyCount "76"]
[EventDate "2013.01.18"]
[EventType "swiss"]
[EventRounds "8"]
[EventCountry "ESP"]
[SourceTitle "EXT 2014"]
[Source "ChessBase"]
[SourceDate "2013.11.20"]
[SourceVersion "1"]
[SourceVersionDate "2013.11.20"]
[SourceQuality "1"]

1. c4 c5 2. Nf3 Nc6 3. Nc3 Nf6 4. g3 g6 5. Bg2 Bg7 6. 0-0 0-0 7. d3 d5 8. Bd2 d4 9. Ne4 b6 10. Neg5 Bb7 11. a3 Nd7 12. Bh3 e5 13. Ne4 Qe7 14. Bg5 f6 15. Bd2 f5 16. Bg5 Qe6 17. Ned2 h6 18. e4 hxg5 19. Nxg5 Qe7 20. Ngf3 f4 21. Bxd7 Qxd7 22. Kg2 fxg3 23. Kxg3 Bh6 24. Ng1 Rf6 25. f3 Bf4+ 26. Kg2 Qh7 27. Nh3 Raf8 28. Rf2 Be3 29. Rf1 Bc8 30. Qe2 Bxh3+ 31. Kh1 Bxf1 32. Nxf1 Rxf3 33. Qg2 Rf2 34. Qg3 Rxf1+ 35. Rxf1 Rxf1+ 36. Kg2 Rg1+ 37. Kf3 Rxg3+ 38. Kxg3 Bf4+ 0-1

[Event "Barcelona Primavera La Lira op 5th"]
[Site "Barcelona"]
[Date "2012.05.10"]
[Round "4"]
[White "Tortosa Moros, Joan"]
[Black "Aubeso Duch, Miquel"]
[Result "1-0"]
[WhiteElo "1736"]
[BlackElo "1428"]
[PlyCount "61"]
[EventDate "2012.04.19"]
[EventType "swiss"]
[EventRounds "9"]
[EventCountry "ESP"]
[SourceTitle "CBM 148 Extra"]
[Source "ChessBase"]
[SourceDate "2012.06.22"]
[SourceVersion "1"]
[SourceVersionDate "2012.06.22"]
[SourceQuality "1"]

1. e4 e5 2. Nf3 Nc6 3. Bb5 a6 4. Ba4 Nf6 5. 0-0 b5 6. Bb3 Nxe4 7. d4 Qe7 8. Re1 f5 9. Bd5 Bb7 10. Bxe4 fxe4 11. Rxe4 d6 12. d5 Nb4 13. Rxb4 0-0-0 14. Bg5 Qf7 15. Bxd8 Kxd8 16. Nc3 Be7 17. a4 Kd7 18. axb5 axb5 19. Rxb5 Rb8 20. Ra7 Kc8 21. Qd3 g6 22. Qc4 Qe8 23. Qg4+ Kd8 24. Rbxb7 Rc8 25. Nb5 Qf7 26. Rxc7 Qf5 27. Rd7+ Ke8 28. Rxe7+ Kf8 29. Rf7+ Qxf7 30. Rxf7+ Kxf7 31. Qxc8 1-0